[Event "Challenge"]
[Site "http://www.queenalice.com/game.php?id=738938"]
[Date "2010.2.28"]
[Round "-"]
[White "rocha"]
[Black "Wettkampf"]
[Result "1-0"]
[WhiteElo "1374"]
[BlackElo "1538"]

1. Nf3 e6 2. e4 d5 3. Bd3 dxe4 4. Bxe4 Nf6 5. Ng5 Bd6 6. Qe2 O-O 7. Qd3 g6 8.
Qb3 Nxe4 9. Nxe4 Nc6 10. c3 Qh4 11. Nxd6 cxd6 12. O-O e5 13. Qd1 Qg5 14. d4 Qf6
15. f3 b5 16. b4 exd4 17. Bb2 dxc3 18. Bxc3 Qg5 19. g3 Bh3 20. Bd2 Bxf1 21. Bxg5
Bc4 22. Qxd6 Rac8 23. Nc3 Rfd8 24. Bxd8 Nxd8 25. Re1 Ne6 26. Ne4 Kg7 27. Qe5+
1-0

[Event "Challenge"]
[Site "http://www.queenalice.com/game.php?id=739278"]
[Date "2010.3.1"]
[Round "-"]
[White "toninhnodaprata"]
[Black "Wettkampf"]
[Result "1-0"]
[WhiteElo "1870"]
[BlackElo "1434"]

1. e4 e5 2. Nf3 Nf6 3. Bc4 Nxe4 4. Qe2 f5 5. Nxe5 d5 6. Bb3 Be6 7. O-O Bd6 8.
Nf3 g5 9. d3 Nc5 10. Nxg5 Qf6 11. Qxe6+ Nxe6 12. Re1 Be5 13. Bxd5 Bxb2 14. Rxe6+
Qxe6 15. Nxe6 Bxa1 16. Bxb7 Kd7 17. Nc5+ 1-0

[Event "Challenge"]
[Site "http://www.queenalice.com/game.php?id=739280"]
[Date "2010.3.1"]
[Round "-"]
[White "Wettkampf"]
[Black "toninhnodaprata"]
[Result "0-1"]
[WhiteElo "1436"]
[BlackElo "1868"]

1. d4 d5 2. Bf4 Nc6 3. e3 Bf5 4. Bb5 e6 5. Nf3 Bd6 6. Bxd6 Qxd6 7. Bxc6+ Qxc6 8.
Ne5 Qxc2 9. Qxc2 Bxc2 10. Nc3 Bd3 11. Nxd3 a6 12. Ne5 Nh6 13. O-O f6 14. Nd3 b6
15. Nf4 Ke7 16. Rae1 Rad8 0-1

[Event "Challenge"]
[Site "http://www.queenalice.com/game.php?id=739668"]
[Date "2010.3.2"]
[Round "-"]
[White "AuntieRenie"]
[Black "Wettkampf"]
[Result "1-0"]
[WhiteElo "1531"]
[BlackElo "1477"]

1. c4 e5 2. Nc3 d6 3. e3 Nc6 4. Nf3 Nb4 5. Be2 Bg4 6. a3 Qd7 7. h3 Bxf3 8. Bxf3
O-O-O 9. axb4 f5 10. Nb5 e4 11. Be2 a6 12. Nd4 d5 13. c5 b5 14. c6 Qd6 15. O-O
Qe5 16. f4 Qe7 17. Nxf5 Qf6 18. Nd4 Bxb4 19. Rxa6 Ne7 20. Ra8# 1-0

[Event "Challenge"]
[Site "http://www.queenalice.com/game.php?id=739756"]
[Date "2010.3.2"]
[Round "-"]
[White "Veve"]
[Black "Wettkampf"]
[Result "0-1"]
[WhiteElo "1300"]
[BlackElo "1543"]

1. h4 e5 2. Rh3 d5 3. Re3 Qxh4 4. g3 Qh1 5. Nf3 Bh3 6. d3 Qxf1+ 7. Kd2 Qxf2 8.
Rxe5+ Be7 9. Rxd5 Nf6 10. Re5 Nbd7 11. Re3 O-O-O 12. Ng1 Nd5 13. Rf3 Bg5+ 14.
Re3 Bxe3# 0-1

[Event "Challenge"]
[Site "http://www.queenalice.com/game.php?id=740281"]
[Date "2010.3.3"]
[Round "-"]
[White "Garry_Kasparov"]
[Black "Wettkampf"]
[Result "1-0"]
[WhiteElo "1871"]
[BlackElo "1401"]

1. e4 e6 2. d4 Bb4+ 3. c3 Ba5 4. Nf3 d6 5. b4 Bb6 6. Bd3 e5 7. dxe5 dxe5 8. Nxe5
Qf6 9. Nf3 Bg4 10. O-O Ne7 11. Bg5 Bxf3 12. Bxf6 Bxd1 13. Bxe7 Ba4 14. Bh4 O-O
15. Nd2 f6 16. Nc4 Nc6 17. Bg3 Rad8 18. Be2 Ne7 19. Nb2 Bc6 20. Bf3 Rd2 21. Nc4
Rc2 22. Rfc1 Rxc1+ 23. Rxc1 g5 24. a4 Bxa4 25. Nxb6 cxb6 26. Bd6 Re8 27. Ra1 Bb3
28. Rxa7 Rd8 29. Bxe7 Rd7 30. Bxf6 Bd1 31. Bxg5 Bc2 32. h4 1-0

[Event "Challenge"]
[Site "http://www.queenalice.com/game.php?id=740864"]
[Date "2010.3.4"]
[Round "-"]
[White "miras773"]
[Black "Wettkampf"]
[Result "1-0"]
[WhiteElo "1559"]
[BlackElo "1515"]

1. e4 e5 2. Nc3 Nc6 3. Bb5 Nd4 4. Nf3 c6 5. Bd3 b5 6. O-O Nxf3+ 7. Qxf3 d6 8. b3
Nf6 9. a4 b4 10. Na2 d5 11. exd5 Qxd5 12. Bc4 Qxf3 13. gxf3 Bh3 14. Re1 Bd6 15.
f4 e4 16. d3 O-O 17. dxe4 c5 18. e5 Rae8 19. Bb2 Ng4 20. exd6 Rd8 21. Rad1 a5
22. Re3 Nxe3 23. fxe3 Rfe8 24. Kf2 1-0

[Event "Challenge"]
[Site "http://www.queenalice.com/game.php?id=740867"]
[Date "2010.3.4"]
[Round "-"]
[White "Wettkampf"]
[Black "miras773"]
[Result "0-1"]
[WhiteElo "1515"]
[BlackElo "1603"]

1. d4 Nf6 2. Bg5 e6 3. e4 Be7 4. Bxf6 Bxf6 5. e5 Be7 6. Qg4 O-O 7. Bd3 g6 8. Nf3
f5 9. Qh3 d6 10. Nbd2 dxe5 11. dxe5 c6 12. Nc4 b5 13. Ne3 Na6 14. O-O Nc5 15.
Rad1 Qa5 16. a3 Ba6 17. b4 Qxa3 18. Nd4 Rac8 19. Ra1 Qc3 20. Ne2 Qxb4 0-1

[Event "Challenge2"]
[Site "http://www.queenalice.com/game.php?id=740948"]
[Date "2010.3.4"]
[Round "-"]
[White "jvellame"]
[Black "Wettkampf"]
[Result "1-0"]
[WhiteElo "1290"]
[BlackElo "1401"]

1. e4 e5 2. Nf3 f6 3. Nc3 d6 4. Bc4 Nc6 5. d3 Bg4 6. Be3 Bxf3 7. Qxf3 Nb4 8. O-O
Nxc2 9. Rac1 Nxe3 10. fxe3 Qe7 11. Nd5 Qd7 12. Qh5+ g6 13. Qh4 O-O-O 14. Qe1 c6
15. Nxf6 Nxf6 16. Rxf6 Be7 17. Re6 d5 18. exd5 cxd5 19. Bxd5+ Kb8 20. Rc3 1-0

[Event "Another"]
[Site "http://www.queenalice.com/game.php?id=741980"]
[Date "2010.3.6"]
[Round "-"]
[White "Wettkampf"]
[Black "schmooster"]
[Result "1-0"]
[WhiteElo "1389"]
[BlackElo "1504"]

1. e4 c6 2. d4 d5 3. exd5 Qxd5 4. Nc3 Qa5 5. Bd2 e5 6. Ne4 Qd5 7. Bd3 exd4 8. c4
Qe5 9. Nf3 Qh5 10. Nfg5 Bg4 11. Qb3 b6 12. f3 Be6 13. O-O-O Nd7 14. g4 Qg6 15.
Nd6+ Bxd6 16. Bxg6 fxg6 17. Nxe6 Kf7 18. c5 bxc5 19. Nc7+ Ke7 20. Nxa8 Ne5 21.
Bg5+ Nf6 22. Bxf6+ Kxf6 23. h4 Rxa8 24. g5+ Kf5 25. Rhf1 Kf4 26. Rde1 c4 27. Qb7
Rb8 28. Qxa7 Nd3+ 29. Kc2 Nxe1+ 30. Rxe1 d3+ 31. Kc3 Bb4+ 32. Kxc4 Bxe1 33.
Qxb8+ Ke3 34. Qe5+ Kd2 35. Qc3+ Ke2 36. Qxd3+ Kf2 37. f4 Ba5 38. Kc5 Kg2 39. b4
Bc7 40. a4 Bxf4 41. Kxc6 h6 42. b5 Bg3 43. b6 Bxh4 44. b7 Bg3 45. Qxg3+ Kxg3 46.
b8=Q+ Kh4 47. gxh6 gxh6 48. Qh2+ Kg5 49. Kd5 h5 50. Ke4 h4 51. Qf4+ Kh5 52. a5
g5 53. Qf7+ Kh6 54. Kf5 h3 55. Qg6# 1-0

[Event "Challenge"]
[Site "http://www.queenalice.com/game.php?id=742118"]
[Date "2010.3.6"]
[Round "-"]
[White "o3bor52"]
[Black "Wettkampf"]
[Result "1-0"]
[WhiteElo "1300"]
[BlackElo "1515"]

1. e4 e5 2. Nf3 d6 3. d4 exd4 4. Nxd4 Qh4 5. Bd3 Bg4 6. Nf3 Qf6 7. Nbd2 Nc6 8.
O-O Nd4 9. Be2 O-O-O 10. Nxd4 Qxd4 11. Bxg4+ Kb8 12. c3 Qe5 13. Qb3 1-0

[Event "Challenge"]
[Site "http://www.queenalice.com/game.php?id=767751"]
[Date "2010.4.28"]
[Round "-"]
[White "Wettkampf"]
[Black "leoreis"]
[Result "0-1"]
[WhiteElo "1410"]
[BlackElo "1794"]

1. e4 e5 2. Nc3 Nf6 3. b3 Bc5 4. Bb2 Nc6 5. Qe2 O-O 6. O-O-O d6 7. g3 Nd4 8. Qd3
Ng4 9. Nh3 c6 10. f3 Nf6 11. f4 Bg4 12. fxe5 dxe5 13. Re1 Qd7 14. Nf2 Be6 15. a4
Rfd8 16. h4 Qe7 17. Nb1 Nxb3+ 18. cxb3 Rxd3 19. Nxd3 Qd6 20. Bxe5 Ba3+ 21. Kc2
Qe7 22. Nc3 Nd7 23. Bf4 a6 24. a5 f6 25. Na4 Rc8 26. Ra1 Bb4 27. Nxb4 Qxb4 28.
Bc4 Bxc4 29. bxc4 Qxc4+ 30. Nc3 Nc5 31. Kd1 Rd8 32. Rc1 Nd3 33. Rc2 Nf2+ 34. Ke1
Nxh1 35. Bc7 Rd7 36. Bb6 Nxg3 37. Be3 Qf1# 0-1

[Event "Challenge"]
[Site "http://www.queenalice.com/game.php?id=771551"]
[Date "2010.5.6"]
[Round "-"]
[White "jvellame"]
[Black "Wettkampf"]
[Result "1-0"]
[WhiteElo "1458"]
[BlackElo "1403"]

1. e4 e5 2. Nf3 d6 3. Nc3 Bg4 4. Bc4 b6 5. d3 Nc6 6. Be3 Nh6 7. h3 Bxf3 8. Qxf3
Qf6 9. Nd5 Qxf3 10. gxf3 O-O-O 11. Ba6+ Kb8 12. a4 Na5 13. b4 Nc6 14. a5 f5 15.
c4 Nd4 16. Bxd4 exd4 17. c5 dxc5 18. Rc1 fxe4 19. fxe4 Bd6 20. Ke2 Rhf8 21. f4
Bxf4 22. Rb1 Rfe8 23. Nxf4 Nf5 24. Kd2 Ne3 25. bxc5 c6 26. axb6 axb6 27. Rxb6+
Kc7 28. Ne2 Re5 29. Rb7+ Kc8 30. Rhb1 Rxc5 31. Ra7# 1-0